1816 1856 1331 1318 1831 1311 1232 1494 1321 1503 1536 1408 1247 1621 1932 1957 1144 1368 1043 1365 1606 1795 1429 1368 1208 1009 1604 1482 1364 1341 1072 1043 1108 1692 1098 1027 1734 1543 1111 1914 1783 1063 1340 1239 1649 1001 1877 1938 1456 1138 1688 1259 1990 1586 1715 1420 1423 1884 1030 1468 1702 1400 1513 1565 1969 1524 1871 1078 1586 1961 1163 1798 1865 1349 1804 1574 1286 1085 1312 1769 1354 1937 1076 1084 1679 1964 1425 1428 1442 1184 1594 1752 1732 1678 1488 1324 1739 1067 1276 BCNSPRNW ULIB Ver.6.0+V

เปลี่ยนเป็นภาษาไทย

Change to English
 แสดงรายละเอียดบรรณานุกรม
  กลับหน้าหลัก

Brief Record : Get Marc (ISO 2709) : E-mail record : QR code < ปิดหน้าต่าง
LEADER : 00000nam 2200000uu 4500
001    13399113980
003     ULIB
008    110627s||||||||th 000 0 tha d
020    9789749601648
090    นว.^bร942ฮ ล.7 2550
100 0  โรว์ลิ่ง, เจ.เค.
245 00 แฮร์รี่ พอตเตอร์ กับเครื่องรางยมทูต เล่ม7/^cโรว์ลิ่ง, เจ.เค.
250    พิมพ์ครั้งที่ 8
260    กรุงเทพฯ :^bนานมีบุ๊คส์,^c2550
300    970 หน้า
710 1  นานมีบุ๊คส์
945    ^p495^l0^i022285
995    ทศพร
999 ^a ใช้งานได้ทุกระบบ
รายการนี้ยังไม่มีแท็ก
คุณยังไม่ได้ล็อกอิน คุณสามารถมีกิจกรรมร่วมกับเว็บไซต์ได้ แต่ต้องล็อกอินก่อน ::
  ล็อกอิน

รายการสื่อสารสนเทศ

ลำดับที่ ประเภท เลขเรียก/บาร์โค้ด สถานที่ สถานะ
1. นวนิยาย
นวนิยาย
นว. ร942ฮ ล.7 2550 ฉ.1 
  Barcode: 022285
ห้องสมุดวิทยาเขตสวรรค์ประชารักษ์
►นวนิยาย
บนชั้น
  ขอยืม

รายการใกล้เคียง
    ผู้แต่ง [โรว์ลิ่ง, เจ.เค.]

BibComment


ยังไม่เคยถูกคอมเมนท์

คอมเมนท์ทรัพยากรรายการนี้
  คอมเมนท์: แฮร์รี่ พอตเตอร์ ..


 Copyright 2026. Bcnsprnw @Library